Proyecto del Túnel de Vallvidrera y sus vías de penetración
Descripción Física:
v. : map. ; 30 cm x 43 cm
MARC
| LEADER | 00000nam a2200000Ia 4500 | ||
|---|---|---|---|
| 001 | 19500 | ||
| 008 | 160829s9999 xx 000 0 cat d | ||
| 080 | |a FOL-3-31 | ||
| 245 | |a Proyecto del Túnel de Vallvidrera y sus vías de penetración | ||
| 260 | |a Barcelona : |b Tabasa, Túneles y autopistas de Barcelona, S.A., [1973] | ||
| 300 | |a v. : |b map. ; |c 30 cm x 43 cm | ||
| 590 | |a Conté: v. 2: Planos | ||
| 650 | |a Túnels |x Projectes |x Vallvidrera (Barcelona) |9 27795 | ||
| 650 | |a Carreteres |x Projectes |x Vallvidrera (Barcelona) |9 27796 | ||
| 901 | |a Arxiu | ||
| 942 | |n 1 | ||
| 952 | |0 0 |1 0 |4 0 |6 FOL331 |7 1 |9 44550 |a Arxiu |b Arxiu |d 2016-12-01 |l 0 |o FOL-3-31 |p 19500 |r 2016-12-01 00:00:00 |w 2016-12-01 |y ARXIU | ||
| 999 | |c 47131 |d 47131 | ||